[Event "4th Gideon Japhet Mem Op"]
[Site "Jerusalem ISR"]
[Date "2018.07.04"]
[Round "5.19"]
[White "Musyuk, Lior"]
[Black "Khurtsilava, Inga"]
[Result "1-0"]
[BlackTitle "WGM"]
[WhiteElo "2160"]
[BlackElo "2282"]
[WhiteFideId "2816784"]
[BlackFideId "13600419"]
[EventDate "2018.07.01"]

1. e4 c6 2. d4 d5 3. Nc3 dxe4 4. Nxe4 Nf6 5. Nxf6+ gxf6 6. c3 h5 7. Bd3 Qd5 8.
Qf3 Bg4 9. Qxd5 cxd5 10. h3 Bd7 11. Ne2 e5 12. c4 Be6 13. Nc3 Bb4 14. cxd5 Bxd5
15. O-O Bc6 16. d5 Bd7 17. f4 Na6 18. Ne4 Be7 19. fxe5 fxe5 20. Bg5 Nb4 21. Bxe7
Kxe7 22. d6+ Kd8 23. Ng5 Be6 24. Be4 Kd7 25. Rad1 Raf8 26. Bxb7 Bxa2 27. Ne4 Rb8
28. Nc5+ Kd8 29. b3 Bxb3 30. Rb1 Nd3 31. Nxd3 Rxb7 32. Nc5 Rb5 33. Nxb3 Kd7 34.
Rxf7+ Kxd6 35. Rxa7 Rhb8 36. Rd1+ Ke6 37. Nd2 Rd8 38. Kf2 Rbd5 39. Ke2 Rg8 40.
Rg1 Rb5 41. Ke3 Rg3+ 42. Nf3 Rb2 43. Ra6+ Ke7 44. Rh6 Rgxg2 45. Rxg2 Rxg2 46.
Rxh5 Kf6 47. Rxe5 Rg3 48. Rh5 Rg2 49. Kf4 Ra2 50. Rg5 Ra4+ 51. Kg3 Ra3 52. h4
Rb3 53. Kg4 Rb4+ 54. Kh5 Ra4 55. Nh2 Kf7 56. Ng4 Rb4 57. Kh6 Ra4 58. h5 Ra8 59.
Kh7 Ra1 60. Rg7+ Kf8 61. Ne5 Rh1 62. Ng6+ Ke8 63. Re7+ Kd8 64. h6 Rg1 65. Kg7 1-0

[Event "4th Gideon Japhet Mem Op"]
[Site "Jerusalem ISR"]
[Date "2018.07.05"]
[Round "6.1"]
[White "Zanan, Evgeny"]
[Black "Naiditsch, Arkadij"]
[Result "1/2-1/2"]
[WhiteTitle "IM"]
[BlackTitle "GM"]
[WhiteElo "2497"]
[BlackElo "2697"]
[WhiteFideId "24101940"]
[BlackFideId "4650891"]
[EventDate "2018.07.01"]

1. d4 Nf6 2. c4 e6 3. Nc3 Bb4 4. Qc2 d5 5. a3 Bxc3+ 6. Qxc3 O-O 7. Nf3 Nbd7 8.
Bg5 h6 9. Bh4 dxc4 10. Qxc4 b6 11. e3 c5 12. Be2 Bb7 13. O-O Bd5 14. Qa4 a6 15.
Ne5 b5 16. Qc2 cxd4 17. Nxd7 Qxd7 18. Bxf6 gxf6 19. exd4 Rac8 20. Qd2 Kh7 21.
Rac1 Rg8 22. f3 Qd6 23. Qe3 Rcd8 24. Rc3 Ba8 25. Rd1 Rg5 26. Bd3+ f5 27. Rd2 Kg7
28. Bc2 Rh5 29. f4 Rh4 30. g3 Rg4 31. d5 Bxd5 32. Bb3 Rg6 33. Kf2 Kh7 34. Rc5
Rd7 35. Qd4 Qb6 36. Bxd5 exd5 37. Rc8 Qxd4+ 38. Rxd4 Rgd6 39. Rc5 Kg6 40. Kf3
Kf6 41. Kf2 Ke6 42. Ke2 Rb7 43. Kd2 Rb8 44. Kc3 h5 45. Rd3 h4 46. Kd4 hxg3 1/2-1/2

[Event "4th Gideon Japhet Mem Op"]
[Site "Jerusalem ISR"]
[Date "2018.07.05"]
[Round "6.2"]
[White "Nabaty, Tamir"]
[Black "Kobo, Ori"]
[Result "1-0"]
[WhiteTitle "GM"]
[BlackTitle "GM"]
[WhiteElo "2692"]
[BlackElo "2508"]
[WhiteFideId "2809052"]
[BlackFideId "2812320"]
[EventDate "2018.07.01"]

1. d4 Nf6 2. Nf3 d5 3. c4 e6 4. e3 Be7 5. b3 O-O 6. Bb2 c5 7. Nc3 cxd4 8. Nxd4
a6 9. Rc1 dxc4 10. Bxc4 Bd7 11. O-O Nc6 12. Nf3 Qa5 13. a3 Rfd8 14. b4 Qh5 15.
Ne2 Ne4 16. Bd3 Bf6 17. Bxf6 Nxf6 18. Rc5 Qh6 19. Qb1 Be8 20. Ng3 g6 21. Rfc1
Rd6 22. Be2 Rad8 23. a4 Rd5 24. b5 axb5 25. axb5 Rxc5 26. Rxc5 Ne7 27. Qa1 Ned5
28. Qd4 Nd7 29. Rc1 N7b6 30. Rd1 Rc8 31. Ne4 Qg7 32. Nd6 Qxd4 33. Nxd4 Rb8 34.
Rc1 Kf8 35. e4 Nf4 36. Bf1 e5 37. Nf3 Nd7 38. Nd2 Ke7 39. N2c4 Ne6 40. Rd1 f6
41. g3 Ndc5 42. Rd5 Na4 43. Bh3 Bd7 44. b6 Bc6 45. Bxe6 Kxe6 46. Rd2 Rd8 47. f4
Nc5 48. h4 Ra8 49. f5+ gxf5 50. exf5+ Ke7 51. g4 Rg8 52. g5 fxg5 53. Nxe5 gxh4+
54. Kh2 Be4 55. Rd4 Kf6 56. Nec4 Bc6 57. Rxh4 Rg7 58. Rh6+ Kg5 59. f6 Kxh6 60.
Nf5+ Kg5 61. fxg7 Bd5 62. Nce3 Be6 63. Ne7 Nd7 64. N3d5 Kh6 65. g8=R Bxg8 66.
Nxg8+ Kg7 67. Nge7 Kf7 68. Nc8 Nxb6 69. Ncxb6 h5 70. Kg3 h4+ 71. Kxh4 Ke6 72.
Kg4 Ke5 73. Kf3 Kd4 74. Kf4 Kd3 75. Ke5 Ke2 76. Ke4 Kf2 77. Nf6 Ke2 78. Ng4 Kd2
79. Ne5 Ke2 80. Nf3 Kf2 81. Nd4 Kg3 82. Kf5 Kg2 83. Kg4 Kf2 84. Kf4 Kg2 85. Ne2
Kf2 86. Nc3 Kg2 87. Ne4 Kh3 88. Kg5 Kh2 89. Kh4 Kg2 90. Kg4 Kh2 91. Nf2 Kg2 92.
Nd3 Kh2 93. Nf4 Kg1 94. Kf3 Kf1 95. Ng2 Kg1 96. Ne3 Kh2 97. Kg4 Kg1 98. Kg3 Kh1
99. Nbc4 b5 100. Nd2 b4 101. Nf3 b3 102. Ng4 b2 103. Nf2# 1-0

[Event "4th Gideon Japhet Mem Op"]
[Site "Jerusalem ISR"]
[Date "2018.07.05"]
[Round "6.12"]
[White "Cohen Revivo, Shoham"]
[Black "Melia, Salome"]
[Result "1/2-1/2"]
[BlackTitle "IM"]
[WhiteElo "2248"]
[BlackElo "2392"]
[WhiteFideId "2813327"]
[BlackFideId "13602446"]
[EventDate "2018.07.01"]

1. e4 d6 2. d4 g6 3. Nc3 Bg7 4. Bg5 Nd7 5. Qd2 a6 6. a4 c5 7. Nf3 Ngf6 8. Bc4
cxd4 9. Nxd4 h6 10. Bh4 O-O 11. O-O Kh7 12. Rae1 Qa5 13. Kh1 Nc5 14. f4 Qb4 15.
Bb3 Nxb3 16. Nxb3 Be6 17. Nd5 Qxd2 18. Nxd2 Nxe4 19. Nxe4 Bxd5 20. Bxe7 Rfc8 21.
c3 Bxe4 22. Rxe4 d5 23. Rb4 Rc7 24. Bd6 Rd7 25. Bc5 Re8 26. g3 Re4 27. Rd1 Re2
28. Kg1 h5 29. h4 Bf6 30. Kf1 Re6 31. Re1 Kg7 32. Bd4 Rxe1+ 33. Kxe1 Bxd4 34.
Rxd4 Kf6 35. Kd2 Ke6 36. Kd3 Kf5 37. Ke3 Re7+ 38. Kf3 Ke6 39. Rd2 Rc7 40. Rd4
Kd6 41. Rb4 Re7 42. a5 Kc5 43. Rb6 d4 44. cxd4+ Kxd4 45. f5 Re3+ 46. Kf2 Re5 47.
fxg6 fxg6 48. Rxb7 Rxa5 49. Rb6 Ke4 50. Rxg6 Rb5 51. Re6+ Kf5 52. Rxa6 Rxb2+ 53.
Kf3 Rb3+ 54. Kg2 Rb5 55. Rh6 Ke4 56. Kh3 Ra5 57. Rg6 Rb5 58. Rf6 Ra5 59. Rf4+
Ke5 60. Rf3 Ke6 61. g4 hxg4+ 62. Kxg4 Ra8 63. h5 Rg8+ 64. Kh4 Ke7 65. h6 Rf8 66.
Rg3 Kf7 67. Kh5 Ra8 68. Rg7+ Kf8 69. Kg6 Ra6+ 70. Kh7 Rf6 71. Rg8+ Kf7 72. Ra8
Rf1 73. Kh8 Rf2 74. h7 Rf1 75. Ra7+ Kf8 1/2-1/2

[Event "4th Gideon Japhet Mem Op"]
[Site "Jerusalem ISR"]
[Date "2018.07.05"]
[Round "6.15"]
[White "Caspi, Israel"]
[Black "Sokolovsky, Yahli"]
[Result "1-0"]
[WhiteTitle "IM"]
[WhiteElo "2479"]
[BlackElo "2084"]
[WhiteFideId "2807394"]
[BlackFideId "2820242"]
[EventDate "2018.07.01"]

1. e4 c5 2. Nf3 d6 3. d4 cxd4 4. Nxd4 Nf6 5. Nc3 a6 6. f3 e5 7. Nb3 Be6 8. Be3
Nbd7 9. Qd2 h5 10. Nd5 Bxd5 11. exd5 g6 12. Be2 Bg7 13. O-O O-O 14. Rac1 a5 15.
c4 b6 16. Na1 Re8 17. Nc2 Nc5 18. h3 Ra7 19. Rfe1 Qa8 20. Na3 Rae7 21. Nb5 Qd8
22. b3 Kh7 23. Rb1 Ng8 24. a3 Bh6 25. b4 Na6 26. Nc3 Ra7 27. Bd3 Ra8 28. Qf2
Bxe3 29. Qxe3 Ne7 30. f4 axb4 31. axb4 Ng8 32. f5 Nh6 33. Rf1 Kg7 34. fxg6 Qh4
35. gxf7 Nxf7 36. Ne4 Rg8 37. Rxf7+ Kxf7 38. Nxd6+ 1-0

[Event "4th Gideon Japhet Mem Op"]
[Site "Jerusalem ISR"]
[Date "2018.07.05"]
[Round "6.17"]
[White "Yaniv, Yuval"]
[Black "Gurbanov, Andrei"]
[Result "1-0"]
[BlackTitle "IM"]
[WhiteElo "2054"]
[BlackElo "2335"]
[WhiteFideId "2823900"]
[BlackFideId "13503391"]
[EventDate "2018.07.01"]

1. e4 e5 2. Nf3 Nc6 3. Bb5 a6 4. Ba4 Bc5 5. O-O d6 6. c3 Ba7 7. Re1 Bg4 8. d3
Ne7 9. h3 Bh5 10. Nbd2 O-O 11. g4 Bg6 12. Nf1 b5 13. Bb3 Na5 14. Bc2 f5 15. exf5
Nxf5 16. gxf5 Bxf5 17. Be3 Bxh3 18. Bxa7 Rxa7 19. N1h2 c5 20. d4 exd4 21. cxd4
c4 22. Qd2 Raf7 23. Re3 d5 24. Kh1 c3 25. Rxc3 b4 26. Bxh7+ Kxh7 27. Ng5+ Kg8
28. Rxh3 Rxf2 29. Qe3 Qd7 30. Rg1 Nc4 31. Qg3 1-0

[Event "4th Gideon Japhet Mem Op"]
[Site "Jerusalem ISR"]
[Date "2018.07.06"]
[Round "7.1"]
[White "Naiditsch, Arkadij"]
[Black "Nabaty, Tamir"]
[Result "1/2-1/2"]
[WhiteTitle "GM"]
[BlackTitle "GM"]
[WhiteElo "2697"]
[BlackElo "2692"]
[WhiteFideId "4650891"]
[BlackFideId "2809052"]
[EventDate "2018.07.01"]

1. e4 e5 2. Nf3 Nc6 3. Nc3 Nf6 4. Bb5 Bc5 5. d3 O-O 6. O-O Nd4 7. Bc4 c6 8. Nxd4
Bxd4 9. Bb3 d5 10. exd5 Nxd5 11. Nxd5 cxd5 12. Re1 Be6 13. c3 Bb6 14. Rxe5 Bxf2+
15. Kh1 Bb6 16. Qf3 Bc7 17. Bg5 Qd7 18. Ree1 d4 19. Bh4 Rac8 20. Qxb7 dxc3 21.
bxc3 Bxb3 22. axb3 Qxd3 23. Qxa7 Qxc3 24. Rec1 Bb6 25. Rxc3 Bxa7 26. Rxc8 Rxc8
27. h3 Bb6 28. Bg3 f6 29. Bh2 Kf7 30. b4 Rc2 31. Bg1 1/2-1/2

[Event "4th Gideon Japhet Mem Op"]
[Site "Jerusalem ISR"]
[Date "2018.07.06"]
[Round "7.5"]
[White "Kobo, Ori"]
[Black "Zanan, Evgeny"]
[Result "0-1"]
[WhiteTitle "GM"]
[BlackTitle "IM"]
[WhiteElo "2508"]
[BlackElo "2497"]
[WhiteFideId "2812320"]
[BlackFideId "24101940"]
[EventDate "2018.07.01"]

1. c4 Nf6 2. g3 e6 3. Bg2 d5 4. Nf3 Be7 5. O-O O-O 6. b3 d4 7. Bb2 c5 8. e3 Nc6
9. exd4 cxd4 10. Re1 Bc5 11. d3 Re8 12. Ba3 Nd7 13. Bxc5 Nxc5 14. Ne5 Nxe5 15.
Rxe5 Qc7 16. f4 f6 17. Rh5 g6 18. Rh4 a5 19. Nd2 Bd7 20. Qf1 Bc6 21. Re1 Qd6 22.
a3 Bxg2 23. Kxg2 Qb6 24. Rb1 Re7 25. Kg1 Qc6 26. Re1 Rf7 27. Qe2 Qb6 28. Rb1 Rd8
29. Qf3 Qc6 30. Qf1 b5 31. b4 axb4 32. Rxb4 bxc4 33. Nxc4 Qd5 34. a4 Rb7 35.
Rxb7 Qxb7 36. f5 exf5 37. Rf4 Qb3 38. Rf3 Qxa4 39. g4 Rb8 40. Qe2 Re8 41. Qd2
Qc6 42. Rf4 Ne6 0-1

[Event "4th Gideon Japhet Mem Op"]
[Site "Jerusalem ISR"]
[Date "2018.07.06"]
[Round "7.10"]
[White "Gorodetzky, David"]
[Black "Parkhov, Yair"]
[Result "1/2-1/2"]
[WhiteTitle "IM"]
[BlackTitle "FM"]
[WhiteElo "2460"]
[BlackElo "2364"]
[WhiteFideId "2813416"]
[BlackFideId "2813408"]
[EventDate "2018.07.01"]

1. e4 e5 2. Nf3 Nc6 3. d4 exd4 4. Nxd4 Nf6 5. Nc3 Bb4 6. Nxc6 bxc6 7. Bd3 d5 8.
exd5 cxd5 9. O-O O-O 10. Bg5 c6 11. Qf3 Be7 12. Rae1 Be6 13. h3 h6 14. Bxh6 gxh6
15. Rxe6 fxe6 16. Qg3+ Kh8 17. Qg6 Qe8 18. Qxh6+ Kg8 19. Qg5+ Kh8 20. Qh6+ Kg8
21. Qg5+ Kh8 22. Qh6+ Kg8 23. Qg5+ 1/2-1/2

[Event "4th Gideon Japhet Mem Op"]
[Site "Jerusalem ISR"]
[Date "2018.07.06"]
[Round "7.13"]
[White "Melia, Salome"]
[Black "Yaniv, Yuval"]
[Result "1-0"]
[WhiteTitle "IM"]
[WhiteElo "2392"]
[BlackElo "2054"]
[WhiteFideId "13602446"]
[BlackFideId "2823900"]
[EventDate "2018.07.01"]

1. e4 c5 2. Nf3 e6 3. d4 cxd4 4. Nxd4 a6 5. Bd3 Bc5 6. Nb3 Ba7 7. O-O Nc6 8. Qe2
d6 9. Be3 Nf6 10. c4 e5 11. Bxa7 Rxa7 12. Nc3 O-O 13. h3 Be6 14. Qe3 b6 15. Be2
Nd7 16. Rfd1 Nc5 17. Rd2 Rd7 18. Bf1 Qb8 19. Nc1 a5 20. b3 Nd4 21. N3e2 Nxe2+
22. Nxe2 b5 23. cxb5 Qxb5 24. Nc3 Qb4 25. Rad1 a4 26. bxa4 Nxa4 27. Nb5 Rfd8 28.
a3 Qb3 29. Qxb3 Bxb3 30. Rc1 Be6 31. f3 Kf8 32. Kf2 f5 33. Nc7 Rxc7 34. Rxc7
fxe4 35. fxe4 d5 36. Bb5 1-0

[Event "4th Gideon Japhet Mem Op"]
[Site "Jerusalem ISR"]
[Date "2018.07.06"]
[Round "7.15"]
[White "Musyuk, Lior"]
[Black "Zilberman, Yaacov"]
[Result "1-0"]
[BlackTitle "GM"]
[WhiteElo "2160"]
[BlackElo "2374"]
[WhiteFideId "2816784"]
[BlackFideId "2801612"]
[EventDate "2018.07.01"]

1. e4 Nf6 2. e5 Nd5 3. Nc3 Nxc3 4. dxc3 d6 5. Nf3 Nc6 6. Bf4 dxe5 7. Nxe5 Nxe5
8. Qxd8+ Kxd8 9. Bxe5 c6 10. O-O-O+ Ke8 11. Bc4 e6 12. Rd2 Rg8 13. Rhd1 Be7 14.
Bc7 Rf8 15. f4 f5 16. Be5 Kf7 17. Kb1 Re8 18. h3 Bf6 19. Re1 g6 20. g4 b5 21.
Bf1 Bb7 22. Bxf6 Kxf6 23. Rd7 Re7 24. g5+ Kf7 25. Rd6 Rc8 26. a4 a6 27. c4 bxa4
28. c5 Rcc7 29. Bc4 Bc8 30. Ka2 Re8 31. Re3 Ree7 32. Ka3 a5 33. Kxa4 Ra7 34. Rb3
Bb7 35. Rd8 Kg7 36. Rbd3 Ba6 37. Bxa6 Rxa6 38. R3d7 Kf7 39. Rxe7+ Kxe7 40. Rd6
Ra7 41. Rxc6 Rd7 42. Kxa5 Rd4 43. Rc7+ Kd8 44. Rxh7 Rxf4 45. b4 Rc4 46. h4 Ke8
47. Rg7 Rxh4 48. c6 Rc4 49. c7 e5 50. b5 e4 51. b6 1-0

[Event "4th Gideon Japhet Mem Op"]
[Site "Jerusalem ISR"]
[Date "2018.07.06"]
[Round "7.16"]
[White "Kudischewitsch, David"]
[Black "Bronfman, Shmuel"]
[Result "1-0"]
[WhiteTitle "IM"]
[WhiteElo "2356"]
[BlackElo "2108"]
[WhiteFideId "4111893"]
[BlackFideId "2804212"]
[EventDate "2018.07.01"]

1. d4 Nf6 2. c3 d5 3. Bg5 e6 4. Nd2 Be7 5. e3 b6 6. Bd3 Bb7 7. Qb1 h6 8. Bxf6
Bxf6 9. f4 c5 10. Ngf3 Nc6 11. O-O O-O 12. Kh1 a5 13. a4 Ba6 14. Bxa6 Rxa6 15.
Rf2 Ra7 16. Qd3 Rb7 17. Ne5 Ne7 18. g4 Bxe5 19. fxe5 Qd7 20. Nf1 b5 21. axb5
Qxb5 22. Qxb5 Rxb5 23. Ra2 f5 24. exf6 Rxf6 25. Kg1 Nc6 26. Ng3 Kf7 27. Rd2 Rf3
28. Nf1 Ke7 29. Ra4 Rf8 30. Kg2 Rfb8 31. Ra2 Rd8 32. Ng3 g6 33. h4 e5 34. dxc5
Rxc5 35. Ra1 d4 36. exd4 exd4 37. Re1+ Kf7 38. Rf2+ Kg7 39. Re6 dxc3 40. bxc3
Rd7 41. h5 Ne7 42. hxg6 Nxg6 43. Nh5+ 1-0

[Event "4th Gideon Japhet Mem Op"]
[Site "Jerusalem ISR"]
[Date "2018.07.06"]
[Round "7.17"]
[White "Itzhaky, Shmuel"]
[Black "Agrest, Inna"]
[Result "1-0"]
[BlackTitle "WIM"]
[WhiteElo "2111"]
[BlackElo "2303"]
[WhiteFideId "2810140"]
[BlackFideId "1708830"]
[EventDate "2018.07.01"]

1. d4 Nf6 2. Bg5 c5 3. Bxf6 gxf6 4. dxc5 Qa5+ 5. Nc3 Qxc5 6. e4 Bg7 7. Qd5 Qxd5
8. Nxd5 Kd8 9. f4 d6 10. O-O-O Bd7 11. Nf3 Nc6 12. g3 Rc8 13. Bb5 h5 14. c3 Bg4
15. Be2 Na5 16. Ne3 Be6 17. Rd4 Nc6 18. Rd2 Bxa2 19. Nf5 Bf8 20. b4 Be6 21. Kb2
a6 22. N3d4 Nxd4 23. Rxd4 Bd7 24. Rhd1 h4 25. Nxh4 e5 26. fxe5 fxe5 27. R4d2 Be7
28. Bf3 Ba4 29. Ra1 Bb5 30. Nf5 Bd7 31. h4 Rg8 32. g4 Bxf5 33. exf5 e4 34. Bxe4
Rxg4 35. Bxb7 Rb8 36. Bxa6 Rxh4 37. Rg1 Kc7 38. Rd3 Bf6 39. Kb3 Rf4 40. Bc4 Rxf5
41. Bxf7 Rf2 42. Bd5 Rh8 43. Ra1 Rhh2 44. Ra7+ Kb8 45. Rb7+ Kc8 46. Rg3 Rd2 47.
Rg8+ Bd8 48. c4 Rd3+ 49. Ka4 Rxd5 50. cxd5 Kxb7 51. Rxd8 Kc7 52. Rg8 Rh5 53. Ka5
Rxd5+ 54. Ka6 Rd1 55. Rg7+ Kc8 56. b5 Ra1+ 57. Kb6 d5 58. Rg5 d4 59. Rc5+ Kb8
60. Rd5 Kc8 61. Rxd4 Rh1 62. Rg4 Rh6+ 63. Ka7 Rh7+ 64. Ka6 Rh1 65. Rg8+ Kd7 66.
b6 Ra1+ 67. Kb7 Rb1 68. Rg2 Rb3 69. Rd2+ Ke6 70. Kc7 Rc3+ 71. Kb8 Ke7 72. Ra2
Kd8 73. b7 Rb3 74. Ka8 Kc7 75. Rc2+ 1-0

[Event "4th Gideon Japhet Mem Op"]
[Site "Jerusalem ISR"]
[Date "2018.07.06"]
[Round "7.19"]
[White "Pravdivetz, Vladimir"]
[Black "Zlatin, Alexander"]
[Result "0-1"]
[WhiteElo "1882"]
[BlackElo "2205"]
[WhiteFideId "2810190"]
[BlackFideId "2810549"]
[EventDate "2018.07.01"]

1. d4 Nf6 2. Nf3 d5 3. c4 e6 4. Nc3 Be7 5. Bg5 O-O 6. e3 b6 7. Bd3 Bb7 8. Bxf6
Bxf6 9. cxd5 exd5 10. Qc2 g6 11. b4 c5 12. bxc5 bxc5 13. Rb1 cxd4 14. Nxd4 Bxd4
15. exd4 Qe7+ 16. Ne2 Rc8 17. Qd2 Ba6 18. Bxa6 Nxa6 19. O-O Nc7 20. Rb7 Rcb8 21.
Rfb1 Rxb7 22. Rxb7 Re8 23. Ng3 Qd6 24. Nf1 a6 25. Ne3 Nb5 26. Qc1 Nxd4 27. Rb2
Ne6 28. Ng4 Nf4 29. Qd1 h5 30. Ne3 Qe5 31. Rd2 d4 32. Nc2 d3 33. Ne3 Rc8 34. Qe1
Ne2+ 35. Kh1 Qa5 36. Rd1 Qxe1+ 37. Rxe1 d2 38. Rd1 Rc1 39. g3 Nc3 0-1